[Event "World Junior Chess Championship U18 b"]
[Site "Gaziantep"]
[Date "2008.08.04"]
[Round "2.7"]
[White "Sengupta, Deep"]
[Black "So, Wesley"]
[Result "1/2-1/2"]
[WhiteElo "2454"]
[BlackElo "2577"]
[PlyCount "71"]
[EventDate "2008.08.??"]
[EventType "swiss"]
[EventRounds "13"]
[EventCountry "TUR"]

1. e4 c5 2. Nf3 Nc6 3. d4 cxd4 4. Nxd4 Nf6 5. Nc3 e5 6. Ndb5 d6 7. Bg5 a6 8.
Na3 b5 9. Bxf6 gxf6 10. Nd5 f5 11. exf5 Bxf5 12. Bd3 Be6 13. Be4 Bg7 14. Qh5
Rc8 15. c3 Ne7 16. Rd1 Rc5 17. Nb4 Qb6 18. Qg5 Kf8 19. Qe3 f5 20. Bb1 a5 21.
Nd3 Rc6 22. Nc2 Qxe3+ 23. Nxe3 f4 24. Nf1 Rg8 25. Nd2 Bh6 26. O-O Nf5 27. Ne1
d5 28. Bxf5 Bxf5 29. Ndf3 e4 30. Rxd5 Be6 31. Rd8+ Kg7 32. Rxg8+ Bxg8 33. Nd4
Rc5 34. Nec2 Kg6 35. Re1 Re5 36. a3 1/2-1/2

[Event "World Junior Chess Championship U18 b"]
[Site "Gaziantep"]
[Date "2008.08.04"]
[Round "2.8"]
[White "Tomczak, Jacek"]
[Black "Amin, Bassem"]
[Result "0-1"]
[WhiteElo "2451"]
[BlackElo "2561"]
[PlyCount "76"]
[EventDate "2008.08.??"]
[EventType "swiss"]
[EventRounds "13"]
[EventCountry "TUR"]

1. e4 e5 2. Nf3 Nc6 3. d4 exd4 4. Nxd4 Nf6 5. Nxc6 bxc6 6. e5 Qe7 7. Qe2 Nd5 8.
c4 Ba6 9. b3 g6 10. Bb2 Bg7 11. g3 O-O 12. Bg2 Rae8 13. O-O Nb6 14. Re1 f6 15.
Qe3 Qf7 16. Nd2 fxe5 17. Ba3 d5 18. Bxf8 Rxf8 19. Rad1 Bc8 20. Nf3 e4 21. Ng5
Qf6 22. Nxe4 dxe4 23. Bxe4 Bg4 24. Rd2 Nd7 25. f3 Bh3 26. f4 c5 27. Bg2 Bf5 28.
Red1 Qb6 29. Rxd7 Bxd7 30. Rxd7 Bd4 31. Rxd4 cxd4 32. Bd5+ Kh8 33. Qe4 Qf6 34.
h4 Rd8 35. Kf2 d3 36. Qe1 d2 37. Qd1 Qd4+ 38. Kg2 Re8 0-1

[Event "World Junior Chess Championship U18 b"]
[Site "Gaziantep"]
[Date "2008.08.04"]
[Round "2.9"]
[White "Howell, David"]
[Black "Pruijssers, Roeland"]
[Result "1-0"]
[WhiteElo "2561"]
[BlackElo "2452"]
[PlyCount "73"]
[EventDate "2008.08.??"]
[EventType "swiss"]
[EventRounds "13"]
[EventCountry "TUR"]

1. e4 e5 2. Nf3 Nc6 3. Bc4 Bc5 4. c3 Nf6 5. d3 a6 6. Bb3 Ba7 7. O-O d6 8. Re1
h6 9. Nbd2 O-O 10. Nf1 Ne7 11. Ng3 Ng6 12. d4 Re8 13. h3 b5 14. d5 Bb7 15. Nh2
c6 16. dxc6 Bxc6 17. Ng4 Nxg4 18. Qxg4 Qf6 19. Nf5 Kh7 20. h4 Ne7 21. Ne3 Rad8
22. a4 Bc5 23. axb5 axb5 24. Bc2 b4 25. cxb4 Bd7 26. Qh5 Bxb4 27. Nd5 Nxd5 28.
exd5+ Kg8 29. Re3 Rc8 30. Rf3 Qe7 31. Bxh6 Rxc2 32. Bxg7 f5 33. Bh6 Rc4 34.
Rg3+ Rg4 35. Rxg4+ fxg4 36. Qg6+ Kh8 37. Bg5 1-0

[Event "World Junior Chess Championship U18 b"]
[Site "Gaziantep"]
[Date "2008.08.04"]
[Round "2.10"]
[White "Hou, Yifan"]
[Black "Georgescu, Tiberiu"]
[Result "1-0"]
[WhiteElo "2557"]
[BlackElo "2442"]
[PlyCount "59"]
[EventDate "2008.08.??"]
[EventType "swiss"]
[EventRounds "13"]
[EventCountry "TUR"]

1. e4 c5 2. Nc3 Nc6 3. Bb5 Nd4 4. Nf3 g6 5. Bc4 Bg7 6. Nxd4 cxd4 7. Qf3 Nh6 8.
Ne2 O-O 9. d3 d6 10. Qg3 Kh8 11. h4 f6 12. h5 g5 13. f4 Bg4 14. Nxd4 gxf4 15.
Bxf4 e5 16. Bxh6 Bxh6 17. Qxg4 Qa5+ 18. c3 exd4 19. O-O dxc3 20. bxc3 Qxc3 21.
Rab1 b6 22. Rb5 a6 23. Rbf5 b5 24. Bd5 Rae8 25. Qg3 Qd4+ 26. Kh1 Re5 27. Kh2
Bg5 28. Qxg5 fxg5 29. Rxf8+ Kg7 30. R1f6 1-0

[Event "World Junior Chess Championship U18 b"]
[Site "Gaziantep"]
[Date "2008.08.04"]
[Round "2.11"]
[White "Ashwin, Jayaram"]
[Black "Kravtsiv, Martyn"]
[Result "0-1"]
[WhiteElo "2436"]
[BlackElo "2555"]
[PlyCount "106"]
[EventDate "2008.08.??"]
[EventType "swiss"]
[EventRounds "13"]
[EventCountry "TUR"]

1. d4 Nf6 2. c4 e6 3. Nf3 d5 4. Nc3 Be7 5. Bg5 O-O 6. e3 h6 7. Bh4 b6 8. Bd3
dxc4 9. Bxc4 Bb7 10. O-O Nbd7 11. Qe2 a6 12. Rfd1 b5 13. Bb3 Rc8 14. Bg3 c5 15.
d5 exd5 16. Nxd5 Bxd5 17. Bxd5 Qb6 18. e4 Nxd5 19. exd5 Rfe8 20. Qc2 Bd6 21.
Nh4 Bxg3 22. hxg3 g6 23. Qd2 Kg7 24. Qf4 Nf6 25. Rd2 Rcd8 26. Rad1 Re4 27. Qf3
Rd4 28. Rxd4 cxd4 29. Qd3 Rxd5 30. Nf3 Qe6 31. Nxd4 Qg4 32. b3 b4 33. Rd2 Ne4
34. f3 Qxg3 35. Qxe4 Re5 36. Nf5+ gxf5 37. Qd4 Kh7 38. Rf2 Re1+ 39. Rf1 Re2 40.
Rf2 Qxf2+ 41. Qxf2 Rxf2 42. Kxf2 f4 43. Ke2 Kg6 44. Kd3 Kg5 45. Kc4 Kh4 46.
Kxb4 Kg3 47. Ka5 Kxg2 48. Kxa6 Kxf3 49. b4 Ke4 50. b5 f3 51. b6 f2 52. b7 f1=Q+
53. Ka7 Qf2+ 0-1

[Event "World Junior Chess Championship U18 b"]
[Site "Gaziantep"]
[Date "2008.08.04"]
[Round "2.12"]
[White "Khamrakulov, Dzhurabek"]
[Black "Ronchetti, Niccolo"]
[Result "1-0"]
[WhiteElo "2554"]
[BlackElo "2434"]
[PlyCount "125"]
[EventDate "2008.08.??"]
[EventType "swiss"]
[EventRounds "13"]
[EventCountry "TUR"]

1. e4 c5 2. Nf3 Nc6 3. c3 d5 4. exd5 Qxd5 5. d4 Nf6 6. Be2 e6 7. O-O cxd4 8.
cxd4 Be7 9. Nc3 Qd6 10. Be3 O-O 11. a3 b6 12. Rc1 Bb7 13. Bd3 Rfd8 14. Bb1 Rac8
15. Qd3 g6 16. Rfd1 Na5 17. Ba2 Bxf3 18. gxf3 Nd5 19. Nxd5 exd5 20. Qb5 Qe6 21.
Rxc8 Qxc8 22. Rc1 Qf5 23. b4 Nb7 24. Qc6 Bg5 25. Rc3 Rd7 26. Kg2 Nd8 27. Bb1
Qe6 28. Qc8 Bxe3 29. fxe3 Qd6 30. Bc2 Kg7 31. Ba4 Re7 32. Qg4 f5 33. Qg3 f4 34.
exf4 Ne6 35. f5 Qxg3+ 36. hxg3 Nxd4 37. fxg6 hxg6 38. Rd3 Nf5 39. Kf2 d4 40. g4
Re3 41. Bc2 Rxd3 42. Bxd3 Ne3 43. g5 Nd1+ 44. Ke1 Ne3 45. Be4 Ng2+ 46. Kf2 Nf4
47. Kg3 Ne2+ 48. Kg4 a5 49. b5 Nc3 50. Bd3 Nd1 51. Kf4 Nf2 52. Be2 d3 53. Ke3
Nh3 54. Kxd3 Nxg5 55. Kd4 Kf6 56. Kd5 Ne6 57. Bd1 Nc5 58. Kc6 Nd3 59. Kxb6 Nb2
60. Kc7 Nxd1 61. b6 Nc3 62. b7 Nb5+ 63. Kb6 1-0

[Event "World Junior Chess Championship U18 b"]
[Site "Gaziantep"]
[Date "2008.08.04"]
[Round "2.13"]
[White "Baratosi, Daniel"]
[Black "Gupta, Abhijeet"]
[Result "1/2-1/2"]
[WhiteElo "2433"]
[BlackElo "2551"]
[PlyCount "50"]
[EventDate "2008.08.??"]
[EventType "swiss"]
[EventRounds "13"]
[EventCountry "TUR"]

1. d4 d5 2. Nf3 Nf6 3. c4 c6 4. e3 e6 5. Nc3 Nbd7 6. Bd3 dxc4 7. Bxc4 b5 8. Bd3
Bd6 9. O-O O-O 10. Ne4 Nxe4 11. Bxe4 Bb7 12. b3 a6 13. Bb2 Nf6 14. Bc2 c5 15.
dxc5 Bxc5 16. Qe2 Ne4 17. Rfd1 Qe7 18. Ne5 Rfd8 19. Bxe4 Bxe4 20. Qg4 f5 21.
Qh5 Rd5 22. Rac1 Rf8 23. Rxd5 Bxd5 24. Nd7 Qxd7 25. Rxc5 Rc8 1/2-1/2

[Event "World Junior Chess Championship U18 b"]
[Site "Gaziantep"]
[Date "2008.08.04"]
[Round "2.14"]
[White "Popov, Ivan"]
[Black "Kalashian, David"]
[Result "1-0"]
[WhiteElo "2549"]
[BlackElo "2432"]
[PlyCount "159"]
[EventDate "2008.08.??"]
[EventType "swiss"]
[EventRounds "13"]
[EventCountry "TUR"]

1. e4 c5 2. Nf3 d6 3. d4 cxd4 4. Nxd4 Nf6 5. Nc3 a6 6. f4 e5 7. Nf3 Nbd7 8. a4
Be7 9. Bd3 O-O 10. O-O Nc5 11. Kh1 exf4 12. Bxf4 Bg4 13. Qd2 Bh5 14. Be3 Nxd3
15. Qxd3 Bg6 16. Nh4 Ng4 17. Nxg6 fxg6 18. Rxf8+ Qxf8 19. Rf1 Bf6 20. Nd5 Re8
21. Bf4 Kh8 22. h3 Ne5 23. Qb3 Qf7 24. Bg5 Re6 25. Qb4 h6 26. Bxf6 gxf6 27. Nf4
Nc6 28. Qc4 Re7 29. Qxf7 Rxf7 30. Nxg6+ Kh7 31. Nh4 Nb4 32. Nf5 Rd7 33. Rd1
Nxc2 34. Rxd6 Rxd6 35. Nxd6 b6 36. Kh2 Nb4 37. Nc4 b5 38. axb5 axb5 39. Nd2 Kg6
40. Kg3 Nd3 41. b3 f5 42. Kf3 Ne1+ 43. Kf2 Nc2 44. g3 Kf6 45. Kf3 Ke5 46. exf5
Kxf5 47. g4+ Kg5 48. Kg3 h5 49. h4+ Kg6 50. g5 Kf5 51. Kf3 b4 52. Ke2 Nd4+ 53.
Ke3 Ne6 54. Nf3 Nf4 55. Nd4+ Kg4 56. Ke4 Ng6 57. Nf5 Nf8 58. Ke5 Nd7+ 59. Kd6
Nf8 60. Ke7 Ng6+ 61. Kf6 Nf8 62. g6 Nd7+ 63. Ke7 Kxf5 64. Kxd7 Kxg6 65. Ke6 Kg7
66. Kf5 Kf7 67. Kg5 Ke6 68. Kxh5 Kf5 69. Kh6 Kf6 70. h5 Kf7 71. Kg5 Kg7 72. Kf5
Kh6 73. Ke5 Kxh5 74. Kd5 Kg6 75. Kc5 Kf6 76. Kxb4 Ke6 77. Kc5 Kd7 78. Kb6 Kc8
79. b4 Kb8 80. b5 1-0

[Event "World Junior Chess Championship U18 b"]
[Site "Gaziantep"]
[Date "2008.08.04"]
[Round "2.15"]
[White "Leon Hoyos, Manuel"]
[Black "Potapov, Pavel"]
[Result "1-0"]
[WhiteElo "2543"]
[BlackElo "2418"]
[PlyCount "63"]
[EventDate "2008.08.??"]
[EventType "swiss"]
[EventRounds "13"]
[EventCountry "TUR"]

1. e4 c5 2. Nc3 Nc6 3. Bb5 Nd4 4. Bc4 e6 5. Nge2 Ne7 6. Nxd4 cxd4 7. Ne2 Nc6 8.
O-O Be7 9. d3 O-O 10. f4 d5 11. exd5 exd5 12. Bb3 Bf6 13. Bd2 Qd6 14. Ng3 Rd8
15. Qf3 a5 16. Rae1 Ne7 17. a4 Bd7 18. Nh5 Bh4 19. g3 Qg6 20. f5 Nxf5 21. Nf4
Qg5 22. Qg2 Ra6 23. Nxd5 Qh5 24. g4 Qg6 25. gxf5 Qxg2+ 26. Kxg2 Bxe1 27. Rxe1
Kf8 28. Nc7 Ra7 29. f6 b6 30. Re7 Rxc7 31. Rxf7+ Ke8 32. fxg7 1-0

[Event "World Junior Chess Championship U18 b"]
[Site "Gaziantep"]
[Date "2008.08.04"]
[Round "2.16"]
[White "Toufighi, Tamijani Homayoon"]
[Black "Braun, Arik"]
[Result "0-1"]
[WhiteElo "2425"]
[BlackElo "2533"]
[PlyCount "120"]
[EventDate "2008.08.??"]
[EventType "swiss"]
[EventRounds "13"]
[EventCountry "TUR"]

1. e4 c6 2. d4 d5 3. Nc3 dxe4 4. Nxe4 Bf5 5. Ng3 Bg6 6. Nf3 Nd7 7. Bc4 e6 8.
O-O Ngf6 9. Ng5 h6 10. Nh3 Nb6 11. Bb3 Bh7 12. Nf4 Qd7 13. Re1 Bg8 14. c4 O-O-O
15. Be3 Bh7 16. Qf3 Kb8 17. Red1 Ka8 18. a4 Nc8 19. a5 a6 20. Ba4 Qc7 21. d5
cxd5 22. cxd5 e5 23. Rdc1 Qd6 24. Bc5 Qb8 25. Bb6 exf4 26. Bc6 Bd6 27. Bxd8
Rxd8 28. Nf1 Na7 29. Ba4 Be4 30. Qh3 Bxd5 31. Nd2 f3 32. g3 Be5 33. Nc4 Bxc4
34. Rxc4 Qd6 35. Qf1 Qd3 36. Qxd3 Rxd3 37. Rd1 Rxd1+ 38. Bxd1 Kb8 39. Bxf3 Nb5
40. b4 Bd6 41. Be2 Nd7 42. f4 Nf6 43. Bf3 Na3 44. Rd4 Be7 45. g4 Nc2 46. Rd2
Ne1 47. Kf2 Bxb4 48. Rd1 Nxf3 49. Kxf3 Kc7 50. g5 Nd7 51. gxh6 gxh6 52. Kg4
Nf6+ 53. Kf5 Ne8 54. Rc1+ Kd7 55. Kg4 Nd6 56. Kh5 Bxa5 57. Kxh6 Bd2 58. Rf1 a5
59. h4 a4 60. Kg5 Bc3 0-1

[Event "World Junior Chess Championship U18 b"]
[Site "Gaziantep"]
[Date "2008.08.04"]
[Round "2.17"]
[White "Rombaldoni, Denis"]
[Black "Brkic, Ante"]
[Result "0-1"]
[WhiteElo "2418"]
[BlackElo "2530"]
[PlyCount "96"]
[EventDate "2008.08.??"]
[EventType "swiss"]
[EventRounds "13"]
[EventCountry "TUR"]

1. d4 d5 2. c4 e6 3. Nc3 c6 4. Nf3 Nf6 5. Bg5 dxc4 6. e4 b5 7. e5 h6 8. Bh4 g5
9. exf6 gxh4 10. Ne5 Qxf6 11. g3 Bb7 12. Bg2 h3 13. Bxh3 c5 14. Nxb5 Bxh1 15.
Qa4 Be7 16. Nc7+ Kf8 17. O-O-O cxd4 18. f4 Bc6 19. Qxc4 Kg7 20. Rxd4 Bd5 21.
Qc3 Nc6 22. Nxd5 Nxd4 23. Nxf6 Ne2+ 24. Kc2 Nxc3 25. Nh5+ Kf8 26. bxc3 Bd6 27.
Nc6 Rc8 28. Bg2 Rc7 29. c4 f5 30. Kc3 Kf7 31. Nd4 Rhc8 32. Bf1 a6 33. h3 Rb8
34. g4 fxg4 35. hxg4 Rb1 36. Bd3 Rg1 37. Be2 a5 38. Kd3 Rd7 39. f5 exf5 40.
Nxf5 Bc5+ 41. Ke4 Rd2 42. Bf3 Re1+ 43. Kf4 Ba7 44. Bd5+ Kf8 45. Nh4 Rf2+ 46.
Kg3 Rg1+ 47. Ng2 Rxa2 48. Nf6 Bb8+ 0-1

[Event "World Junior Chess Championship U18 b"]
[Site "Gaziantep"]
[Date "2008.08.04"]
[Round "2.18"]
[White "Negi, Parimerjan"]
[Black "Vocaturo, Daniele"]
[Result "1-0"]
[WhiteElo "2529"]
[BlackElo "2417"]
[PlyCount "55"]
[EventDate "2008.08.??"]
[EventType "swiss"]
[EventRounds "13"]
[EventCountry "TUR"]

1. e4 c5 2. Nf3 d6 3. d4 cxd4 4. Nxd4 Nf6 5. Nc3 g6 6. Be3 Bg7 7. f3 O-O 8. Bc4
Nc6 9. Qd2 Bd7 10. O-O-O Rc8 11. Bb3 Ne5 12. Kb1 Nc4 13. Bxc4 Rxc4 14. g4 b5
15. h4 b4 16. Nce2 Qc7 17. h5 Rc8 18. hxg6 fxg6 19. Nf4 e5 20. Nde6 Qa5 21.
Nxg7 Rxc2 22. Qxd6 b3 23. axb3 exf4 24. Qxf6 R2c6 25. Qh4 h5 26. Nxh5 gxh5 27.
Rd5 Qa6 28. Qxh5 1-0

[Event "World Junior Chess Championship U18 b"]
[Site "Gaziantep"]
[Date "2008.08.04"]
[Round "2.19"]
[White "Lin, Chen"]
[Black "Ragger, Markus"]
[Result "1-0"]
[WhiteElo "2417"]
[BlackElo "2527"]
[PlyCount "91"]
[EventDate "2008.08.??"]
[EventType "swiss"]
[EventRounds "13"]
[EventCountry "TUR"]

1. e4 e5 2. Nf3 Nc6 3. Bb5 a6 4. Ba4 Nf6 5. d3 b5 6. Bb3 Be7 7. Nc3 d6 8. a4 b4
9. Nd5 Rb8 10. Ng5 O-O 11. h4 Ng4 12. f3 Nh6 13. a5 Nd4 14. Bc4 b3 15. cxb3 c6
16. Nxe7+ Qxe7 17. Bd2 Rd8 18. b4 d5 19. Ba2 Kh8 20. Rc1 f6 21. Nh3 dxe4 22.
dxe4 Be6 23. Bxe6 Qxe6 24. Qa4 Nb3 25. Bxh6 gxh6 26. Qxc6 Rd6 27. Qc7 Rg8 28.
Rc2 Nd4 29. Rc1 Qb3 30. O-O Qe6 31. Kh2 Rd7 32. Qc4 Qe8 33. Qxa6 Qg6 34. g4
Rdg7 35. Rc8 Qf7 36. Rxg8+ Rxg8 37. f4 Qg6 38. g5 Qxe4 39. Qxf6+ Rg7 40. fxe5
hxg5 41. hxg5 h6 42. Rf4 Qe2+ 43. Rf2 Qe3 44. gxh6 Qg3+ 45. Kh1 Qxh3+ 46. Rh2
1-0

[Event "World Junior Chess Championship U18 b"]
[Site "Gaziantep"]
[Date "2008.08.04"]
[Round "2.20"]
[White "Safarli, Eltaj"]
[Black "Durarbeyli, Vasif"]
[Result "1-0"]
[WhiteElo "2527"]
[BlackElo "2413"]
[PlyCount "51"]
[EventDate "2008.08.??"]
[EventType "swiss"]
[EventRounds "13"]
[EventCountry "TUR"]

1. e4 c5 2. Nf3 d6 3. d4 cxd4 4. Nxd4 Nf6 5. Nc3 g6 6. Be3 Bg7 7. f3 O-O 8. Qd2
Nc6 9. O-O-O Nxd4 10. Bxd4 Be6 11. g4 Qa5 12. a3 Rfc8 13. h4 Rab8 14. h5 b5 15.
hxg6 hxg6 16. Qg5 Bc4 17. Bxc4 Rxc4 18. Nd5 Qd8 19. Bxf6 exf6 20. Qh4 Rbc8 21.
Rd2 Kf8 22. Rdh2 g5 23. Qh7 b4 24. axb4 Qd7 25. Ne3 Qa4 26. Qxg7+ 1-0

[Event "World Junior Chess Championship U18 b"]
[Site "Gaziantep"]
[Date "2008.08.04"]
[Round "2.21"]
[White "Caspi, Israel"]
[Black "Melkumyan, Hrant"]
[Result "1/2-1/2"]
[WhiteElo "2412"]
[BlackElo "2507"]
[PlyCount "103"]
[EventDate "2008.08.??"]
[EventType "swiss"]
[EventRounds "13"]
[EventCountry "TUR"]

1. d4 Nf6 2. c4 e6 3. Nf3 b6 4. g3 Ba6 5. Qc2 Bb7 6. Bg2 c5 7. d5 exd5 8. cxd5
Nxd5 9. O-O Be7 10. Qe4 Bc6 11. Ne5 Nf6 12. Nxc6 Nxc6 13. Qa4 O-O 14. Rd1 Qc8
15. Nc3 a6 16. Nd5 Nxd5 17. Rxd5 Bf6 18. Rb1 Ra7 19. Bf4 b5 20. Qd1 Nb4 21. Rf5
Be7 22. a3 Nc6 23. h4 Nd4 24. Rd5 Ne6 25. Be5 Rd8 26. Rc1 d6 27. Bxd6 Bxd6 28.
Rxd6 Rad7 29. Rxd7 Rxd7 30. Qc2 Qd8 31. Bh3 c4 32. Bxe6 fxe6 33. Qe4 Kf7 34.
Rc3 Rd1+ 35. Kh2 Qd5 36. Rf3+ Kg8 37. Qf4 h6 38. e4 Qd7 39. Qf8+ Kh7 40. h5 Qd8
41. Qf7 Qg5 42. Kg2 Rb1 43. Qe8 Qc1 44. Qg6+ Kg8 45. Qxe6+ Kh7 46. Qg6+ Kg8 47.
Kh3 Qf1+ 48. Kh4 Qe2 49. Qe6+ Kh7 50. Qf5+ Kg8 51. Kg4 Re1 52. Qc8+ 1/2-1/2

[Event "World Junior Chess Championship U18 b"]
[Site "Gaziantep"]
[Date "2008.08.04"]
[Round "2.22"]
[White "Hammer, Jon Ludvig"]
[Black "Narmontas, Matas"]
[Result "1/2-1/2"]
[WhiteElo "2494"]
[BlackElo "2369"]
[PlyCount "58"]
[EventDate "2008.08.??"]
[EventType "swiss"]
[EventRounds "13"]
[EventCountry "TUR"]

1. e4 e5 2. Nf3 Nc6 3. Bb5 a6 4. Ba4 Nf6 5. O-O Be7 6. d3 b5 7. Bb3 d6 8. a4
Bg4 9. c3 O-O 10. h3 Bh5 11. Re1 Qd7 12. Nbd2 Na5 13. Bc2 c5 14. Nf1 Nc6 15.
Ng3 Bg6 16. Nh4 d5 17. Nhf5 b4 18. Nxe7+ Qxe7 19. f4 exf4 20. Bxf4 dxe4 21.
dxe4 Rfd8 22. Qe2 Qe6 23. Bd3 Ne5 24. Rad1 Nxd3 25. Rxd3 Rxd3 26. Qxd3 Re8 27.
cxb4 cxb4 28. Qd6 Nxe4 29. Qxb4 h5 1/2-1/2

[Event "World Junior Chess Championship U18 b"]
[Site "Gaziantep"]
[Date "2008.08.04"]
[Round "2.23"]
[White "Benidze, Davit"]
[Black "Arun, Prasad Subramanian"]
[Result "1/2-1/2"]
[WhiteElo "2389"]
[BlackElo "2492"]
[PlyCount "69"]
[EventDate "2008.08.??"]
[EventType "swiss"]
[EventRounds "13"]
[EventCountry "TUR"]

1. d4 d5 2. c4 c6 3. Nf3 Nf6 4. e3 e6 5. Nc3 Nbd7 6. Qc2 Bd6 7. Bd3 dxc4 8.
Bxc4 b5 9. Bd3 Bb7 10. O-O O-O 11. e4 e5 12. h3 exd4 13. Nxd4 Nc5 14. Rd1 Nxd3
15. Rxd3 Qc7 16. Bg5 Be5 17. Bxf6 gxf6 18. Rad1 Rad8 19. Nf3 Rxd3 20. Qxd3 Re8
21. Nxe5 Qxe5 22. Qd7 Re7 23. Qd8+ Re8 24. Qd7 Re7 25. Qd8+ Re8 26. Qa5 Bc8 27.
a3 Qe7 28. Qb4 Qxb4 29. axb4 Be6 30. f3 Rc8 31. Kf2 c5 32. bxc5 Rxc5 33. Rd8+
Kg7 34. Rb8 a6 35. Rb6 1/2-1/2

[Event "World Junior Chess Championship U18 b"]
[Site "Gaziantep"]
[Date "2008.08.04"]
[Round "2.24"]
[White "Papadopoulos, Ioannis"]
[Black "Abdulov, Orkhan"]
[Result "1/2-1/2"]
[WhiteElo "2490"]
[BlackElo "2318"]
[PlyCount "83"]
[EventDate "2008.08.??"]
[EventType "swiss"]
[EventRounds "13"]
[EventCountry "TUR"]

1. e4 c5 2. Nf3 Nc6 3. d4 cxd4 4. Nxd4 Nf6 5. Nc3 e5 6. Ndb5 d6 7. Bg5 a6 8.
Na3 b5 9. Nd5 Be7 10. Bxf6 Bxf6 11. c4 bxc4 12. Nxc4 O-O 13. Nxf6+ Qxf6 14.
Qxd6 Qxd6 15. Nxd6 Nb4 16. O-O-O Nxa2+ 17. Kb1 Be6 18. Bc4 Nb4 19. Bxe6 fxe6
20. f3 Rfd8 21. Rd2 Rd7 22. Rhd1 Rc7 23. b3 Rb8 24. Nc4 Nc6 25. Ka2 a5 26. Rd7
Rcc8 27. Ka3 Nd4 28. Nxa5 Rc5 29. Ra7 Rc2 30. Rb7 Ra8 31. b4 Rac8 32. b5 Rxg2
33. Nc6 Nxb5+ 34. Kb3 Kf8 35. Rxb5 Rxc6 36. Rd7 Rc8 37. Rxe5 Rxh2 38. Rxe6 Rf2
39. Rd3 h5 40. Rg6 Kf7 41. Rg3 Rc7 42. Rd5 1/2-1/2

[Event "World Junior Chess Championship U18 b"]
[Site "Gaziantep"]
[Date "2008.08.04"]
[Round "2.25"]
[White "Dragicevic, Drazen"]
[Black "Wen, Yang"]
[Result "1/2-1/2"]
[WhiteElo "2302"]
[BlackElo "2487"]
[PlyCount "30"]
[EventDate "2008.08.??"]
[EventType "swiss"]
[EventRounds "13"]
[EventCountry "TUR"]

1. e4 c5 2. Nf3 Nc6 3. d4 cxd4 4. Nxd4 Qc7 5. Nb5 Qb8 6. c4 Nf6 7. N1c3 a6 8.
Nd4 Nxe4 9. Nxc6 Nxc3 10. Nxb8 Nxd1 11. Nxa6 bxa6 12. Kxd1 g6 13. Bd2 Bg7 14.
Kc2 O-O 15. Re1 Re8 1/2-1/2

[Event "World Junior Chess Championship U18 b"]
[Site "Gaziantep"]
[Date "2008.08.04"]
[Round "2.27"]
[White "Zhigalko, Sergei"]
[Black "Sjugirov, Sanan"]
[Result "1-0"]
[WhiteElo "2583"]
[BlackElo "2545"]
[PlyCount "55"]
[EventDate "2008.08.??"]
[EventType "swiss"]
[EventRounds "13"]
[EventCountry "TUR"]

1. e4 c5 2. Nf3 Nc6 3. Bb5 d6 4. O-O Bd7 5. Re1 Nf6 6. c3 a6 7. Ba4 b5 8. Bc2
Bg4 9. h3 Bxf3 10. Qxf3 g6 11. a4 Nd7 12. axb5 axb5 13. Rxa8 Qxa8 14. e5 Ndxe5
15. Rxe5 dxe5 16. Be4 Kd7 17. Qxf7 Nd8 18. Qf3 Qa6 19. Qd3+ Ke8 20. Na3 Ne6 21.
Nxb5 Qa1 22. Qd5 Qxc1+ 23. Kh2 Bh6 24. Nd6+ exd6 25. Qxe6+ Kd8 26. Bc6 Bf4+ 27.
g3 Bxg3+ 28. Kg2 1-0

[Event "World Junior Chess Championship U18 b"]
[Site "Gaziantep"]
[Date "2008.08.04"]
[Round "2.28"]
[White "Nukin, Askhat"]
[Black "Kore, Akshayraj"]
[Result "0-1"]
[WhiteElo "2244"]
[BlackElo "2392"]
[PlyCount "82"]
[EventDate "2008.08.??"]
[EventType "swiss"]
[EventRounds "13"]
[EventCountry "TUR"]

1. e4 c5 2. Nf3 Nc6 3. d4 cxd4 4. Nxd4 Nf6 5. Nc3 d6 6. Bc4 Bd7 7. O-O g6 8.
Bg5 Bg7 9. Re1 O-O 10. Nxc6 Bxc6 11. Nd5 e6 12. Nxf6+ Bxf6 13. Bxf6 Qxf6 14. c3
Rfd8 15. Bb3 a5 16. a3 a4 17. Bc2 Ra5 18. Qd2 Rh5 19. f4 e5 20. Bd1 Rh6 21. Rf1
d5 22. fxe5 Qh4 23. g3 dxe4 24. Qf2 Qe7 25. Be2 g5 26. Bc4 Bd5 27. Bxd5 Rxd5
28. Qe3 Qxe5 29. Rfe1 Re6 30. Rad1 h6 31. Rxd5 Qxd5 32. Qd4 Qxd4+ 33. cxd4 f5
34. Kf2 Kf7 35. Ke3 Rb6 36. d5 Kf6 37. Kd4 Rxb2 38. g4 Rd2+ 39. Kc4 Ke5 40.
gxf5 Rd4+ 41. Kc3 Rxd5 0-1

[Event "World Junior Chess Championship U18 b"]
[Site "Gaziantep"]
[Date "2008.08.04"]
[Round "2.29"]
[White "Laznicka, Viktor"]
[Black "Anton, Teodor"]
[Result "1-0"]
[WhiteElo "2601"]
[BlackElo "2353"]
[PlyCount "55"]
[EventDate "2008.08.??"]
[EventType "swiss"]
[EventRounds "13"]
[EventCountry "TUR"]

1. d4 Nf6 2. c4 e6 3. g3 Bb4+ 4. Bd2 c5 5. Bxb4 cxb4 6. Bg2 O-O 7. e4 d6 8. Ne2
e5 9. O-O Re8 10. a3 bxa3 11. Nxa3 exd4 12. Qxd4 Nc6 13. Qd3 Qb6 14. Nb5 Bg4
15. Nec3 Rad8 16. Na4 Qa5 17. h3 Ne5 18. Qc3 Qxc3 19. Naxc3 Be6 20. b3 a6 21.
Nd4 Bd7 22. Rfd1 Kf8 23. Ra2 g6 24. Rad2 Bc8 25. f4 Ned7 26. Nde2 Nc5 27. e5
Ng8 28. b4 1-0

[Event "World Junior Chess Championship U18 b"]
[Site "Gaziantep"]
[Date "2008.08.04"]
[Round "2.30"]
[White "Haridas, Pascua"]
[Black "Andreikin, Dmitry"]
[Result "0-1"]
[WhiteElo "2174"]
[BlackElo "2604"]
[PlyCount "110"]
[EventDate "2008.08.??"]
[EventType "swiss"]
[EventRounds "13"]
[EventCountry "TUR"]

1. d4 Nf6 2. c4 d6 3. Nf3 Nc6 4. Nc3 e5 5. d5 Ne7 6. e4 g6 7. Be2 Bg7 8. O-O
Nh5 9. Re1 O-O 10. b4 f5 11. Ng5 Nf4 12. f3 a5 13. bxa5 Rxa5 14. Qb3 b6 15. Bd2
Kh8 16. a4 Ra8 17. exf5 Nxf5 18. Nb5 Nh5 19. Ne4 Bd7 20. a5 bxa5 21. Rxa5 Rb8
22. Qa2 Nf4 23. Bf1 c6 24. dxc6 Bxc6 25. Ra6 Bb7 26. Ra3 d5 27. cxd5 Bxd5 28.
Qc2 Rxb5 29. Bxf4 Bxe4 30. Qxe4 Nd6 31. Qc2 exf4 32. Bxb5 Nxb5 33. Rd3 Qa5 34.
Qf2 Nc3 35. Kh1 Nd5 36. Rb1 Ne3 37. Qd2 Qg5 38. Rd7 h5 39. Rbb7 Ra8 40. Ra7
Rxa7 41. Rxa7 Qb5 42. Qc1 Qe2 43. Qc8+ Kh7 44. Rxg7+ Kxg7 45. Qc7+ Kf6 46. Qd6+
Kf5 47. Qd7+ Ke5 48. Qe7+ Kd4 49. Qa7+ Kd5 50. Qa5+ Kc6 51. Qa8+ Kb5 52. Qb7+
Ka4 53. Qa7+ Kb3 54. Qb6+ Kc2 55. Qxg6+ Qd3 0-1

[Event "World Junior Chess Championship U18 b"]
[Site "Gaziantep"]
[Date "2008.08.04"]
[Round "2.31"]
[White "Geetha, Narayanan Gopal"]
[Black "Hughes, Tyler B"]
[Result "1-0"]
[WhiteElo "2572"]
[BlackElo "2161"]
[PlyCount "61"]
[EventDate "2008.08.??"]
[EventType "swiss"]
[EventRounds "13"]
[EventCountry "TUR"]

1. e4 c5 2. Nf3 e6 3. d3 Nc6 4. c3 Nf6 5. g3 d5 6. Nbd2 Be7 7. Bg2 Qc7 8. O-O
O-O 9. Re1 b6 10. Qe2 Bb7 11. e5 Nd7 12. Nf1 b5 13. Bf4 a5 14. h4 a4 15. N1h2
c4 16. a3 cxd3 17. Qxd3 Nc5 18. Qc2 Rac8 19. Rad1 Ne4 20. Ng4 Qb6 21. Ng5 Nxg5
22. hxg5 Rfd8 23. Qe2 d4 24. Nf6+ gxf6 25. gxf6 Bf8 26. Qh5 Na5 27. Bh6 Kh8 28.
Bxf8 Rxf8 29. Be4 Bxe4 30. Rxe4 dxc3 31. Rh4 1-0